000 00743nam a2200289Ia 4500
005 20260324151042.0
008 008 260324s9999 xx 000 0 eng d
020 _a9780429462719
037 _aEBOOK
040 _aCRL
040 _beng
040 _cCRL
041 _2eng
041 _aeng
084 _qCRL
100 _aA.H.J. Greenidge
_91228555
245 2 _aA History of Rome from 133 B.C. to 70 A.D. (1904)
245 0 _bFrom the Tribunate of Tiberius Gracchus to the End of the Jugerthine War
260 _bTaylor and Francis
260 _c1904
365 _a
365 _b265
856 _uhttp://www.taylorfrancis.com/books/9780429462719
942 _cEBOOK
999 _c1839029
_d1839029